LIBRARY & INFORMATION CENTRE, KCAET, TAVANUR

ONLINE PUBLIC ACCESS CATALOGUE (OPAC)

Automotive fuel lubricating and cooling systems / (Record no. 11089)

MARC details
000 -LEADER
fixed length control field 00477cam a2200181ua 4500
041 ## - LANGUAGE CODE
Language code of text/sound track or separate title eng
082 ## - DEWEY DECIMAL CLASSIFICATION NUMBER
Classification number 629.253
Item number CRO/AU
100 ## - MAIN ENTRY--AUTHOR NAME
Personal name Crouse, William H .
245 ## - TITLE STATEMENT
Title Automotive fuel lubricating and cooling systems /
250 ## - EDITION STATEMENT
Edition statement 2 /
260 ## - PUBLICATION, DISTRIBUTION, ETC. (IMPRINT)
Place of publication New York :
Name of publisher McGraw Hill Book Company ,
Year of publication 1955.
300 ## - PHYSICAL DESCRIPTION
Number of Pages 421 ; .
942 ## - ADDED ENTRY ELEMENTS (KOHA)
Koha item type Books
Holdings
Withdrawn status Lost status Damaged status Home library Current library Date acquired Full call number Accession Number Koha item type
      KAUAET KAUAET 07/04/2012 629.253 4046 Books
free website counter